| 000 | 00647nam a2200253 a 4500 | ||
|---|---|---|---|
| 001 | nice12345678 | ||
| 003 | IN_TiNIC | ||
| 005 | 20260116011551.0 | ||
| 008 | 050524s1871 lona grp 000 0 eng | ||
| 020 |
_a _c100 |
||
| 082 | 0 | 0 |
_a323.39710954 _bHUN |
| 100 | _aHunter, W W | ||
| 245 |
_aIndian Musalmans _b Are They Bound in Conscience to Rebel Against Queen |
||
| 260 |
_aLondon _bTrubner and Co _c1871 |
||
| 300 | _a215p | ||
| 500 | _aincludes index and biblioraphy | ||
| 505 | 2 | _aIndex | |
| 650 | _aBritish-India Muslims | ||
| 650 | _aMuslims-India | ||
| 700 | 1 | _aHunter, W W | |
| 902 | _bSRS | ||
| 942 | _cBK | ||
| 999 |
_c2648 _d2648 |
||